00330nam a2200121Ia 4500008004100000041000800041082001600049100001300065245007600078260001300154365001600167700002500183230718s9999 xx 000 0 und d aeng a005.43bAVE aAvery J. aWindows Developer Power ToolsbTurbocharge Windows Development With 170 bO'reilly cRs.b750.00 aAvery J. & Holmes J.